| 000 | 00642nam a22002057a 4500 | ||
|---|---|---|---|
| 005 | 20171125125625.0 | ||
| 010 | _aENG-121615 | ||
| 020 |
_a9788179940495 _c150.00 |
||
| 035 | _aEN-105147 | ||
| 037 | _bDBAD/PUB | ||
| 082 | _a491.21 | ||
| 100 | _aKashyap, R.L. | ||
| 245 |
_aSemantics of rig veda and sri aurobindo's vedic glossary / _cby R.L. Kashyap; compiled by A.B. Purani |
||
| 260 |
_aBangaluru _bSakshi _c2017 |
||
| 270 |
_a63, 13th Main, 4th Block East, Jayanagar, _bBangaluru _e560011 |
||
| 300 |
_ax,366p. _c23cm(Hb) |
||
| 500 | _aIncludes index | ||
| 700 | _dPurani, A.B. | ||
| 942 |
_2ddc _cEN _h491.29 _mKAS |
||
| 999 |
_c147759 _d147759 |
||